000 00692cpcaa22002177a 4500
001 mm 80003532
003 DLC
005 20260227111702.0
008 800129|||||||||||| eng
010 _amm 80003532
040 _aDLC
_edacs
_cDLC
_dDLC
072 7 _aC
_2lcmd
100 1 _aWilson, Thomas,
_d-1685.
245 0 0 _aThomas Wilson deposition,
_f1685.
300 _a1
_fitem.
506 0 _aOpen to research.
546 _aCollection material in English.
580 _aForms part of: Miscellaneous Manuscripts collection.
999 _c42692
_d42692